Gandhi in His Time And Ours / (Record no. 187473)
[ view plain ]
| 000 -LEADER | |
|---|---|
| fixed length control field | 00855 a2200181 4500 |
| 003 - CONTROL NUMBER IDENTIFIER | |
| control field | Nust |
| 005 - DATE AND TIME OF LATEST TRANSACTION | |
| control field | 20230209090021.0 |
| 020 ## - INTERNATIONAL STANDARD BOOK NUMBER | |
| International Standard Book Number | 1850657114 |
| 040 ## - CATALOGING SOURCE | |
| Transcribing agency | Nust |
| 082 ## - DEWEY DECIMAL CLASSIFICATION NUMBER | |
| Classification number | 954.035,HAR |
| 100 ## - MAIN ENTRY--PERSONAL NAME | |
| Personal name | Hardiman, David |
| 9 (RLIN) | 108752 |
| 245 ## - TITLE STATEMENT | |
| Title | Gandhi in His Time And Ours / |
| Statement of responsibility, etc. | David Hardiman |
| 260 ## - PUBLICATION, DISTRIBUTION, ETC. | |
| Place of publication, distribution, etc. | London |
| Name of publisher, distributor, etc. | Hurst And Co |
| 300 ## - PHYSICAL DESCRIPTION | |
| Extent | 334:p |
| 505 ## - FORMATTED CONTENTS NOTE | |
| Formatted contents note | Introduction : The Gandhi Dialogic (Page-1), An Incorporative Nationalism (Page-12), Dialogic Resistance (Page-39), An Alternative Modernity (Page-66), Father of the Nation (Page-94), Dalit and Adivasi Assertion (Page-123), Fighting Religious Hatreds (Page-156), Gandhi an Activism in India After Independence (Page-198), Gandhi’s Global Legacy (Page-238), The Moral Activists Lonely Path to Martyrdom (Page-294). |
| 650 ## - SUBJECT ADDED ENTRY--TOPICAL TERM | |
| Topical term or geographic name entry element | Gandhi in His Time |
| 9 (RLIN) | 108753 |
| 942 ## - ADDED ENTRY ELEMENTS (KOHA) | |
| Source of classification or shelving scheme | |
| Koha item type | Book |
| Call number prefix | 954.035,HAR |
| Withdrawn status | Lost status | Source of classification or shelving scheme | Damaged status | Not for loan | Permanent Location | Current Location | Shelving location | Date acquired | Full call number | Barcode | Date last seen | Price effective from | Koha item type | Public note |
|---|---|---|---|---|---|---|---|---|---|---|---|---|---|---|
| Military College of Signals (MCS) | Military College of Signals (MCS) | General Stacks | 12/12/2016 | 954.035,HAR | MCS30992 | 12/08/2016 | 12/12/2016 | Book | Almirah No. 61, Shelf No. 5 |
